Avrupa Birliği politikaları görev tanımlaması (Record no. 5194)

MARC details
000 -BAŞLIK
Sabit Uzunlukta Kontrol Alanı 01209na a2200337 4500
001 - KONTROL NUMARASI
Denetim Alanı 22799
003 - KONTROL NUMARASI IDENTIFIER
Denetim Alanı MIRAKIL
005 - SON İŞLEM TARİHİ VE ZAMANI
Denetim Alanı 20181213155030.0
008 - SABİT-BOY VERİ ELEMANLARI - GENEL BİLGİLER
Sabit Uzunlukta Kontrol Alanı 170226b tu 000 0
040 ## - KATALOGLAMA KAYNAK
Orijinal Kataloglama Ajansı Milas
Kataloglama Dili tur
Metne Dönüştürmek Ajansı TR-AnCHP
041 ## - DİL KODU
Metin / Ses Parça Veya Ayrı Başlığın Dil Kodu tur
082 ## - DEWEY ONLU SINIFLANDIRMA NUMARASI
Sınıflandırma Numarası CHP 337.142
Ürün Numarası C36a [t.y.]
090 ## - SINIFLAMA NUMARASI
Sınıflama Numarası CHP 337.142 C36a [t.y.]
092 ## - LOKAL TAHSİS DEWEY TELEFON NUMARASINA (OCLC)
Sınıflandırma Numarası RAPORLAR-DIŞ POLİTİKA-AB
110 ## - ANA GİRİŞ - KURUMSAL ADI
Giriş Elemanı Olarak Kurumsal Ad Veya Yargı Alanı Adı Cumhuriyet Halk Partisi (CHP)
Alt Birim Araştırma ve Proje Merkezi (APM)
-- Çalışma Grubu A2
222 ## - ANAHTAR ADI
Anahtar Başlık Avrupa Birliği raporları
245 ## - BAŞLIK TABLOSU
Başlık Avrupa Birliği politikaları görev tanımlaması
Sorumluluk Tablosu, Vb Cumhuriyet Halk Partisi Merkez Yönetim Kurulu Çalışma Grubu
246 ## - UNVAN FORM VARYING
Başlık Doğru / Kısa Başlığı CHP Avrupa Birliği politikaları
260 ## - YAYIN, DAĞITIM, VB
Yayın, Dağıtım, Vb Yeri Ankara
Yayıncı, Dağıtıcı, Vs Adı CHP
Yayın, Dağıtım, Vb Tarihi [t.y.]
300 ## - FİZİKSEL TANIM
Kapsam 3 s.
Boyutlar 30
440 ## - SERİSİ TABLOSU / KATMA GİRİŞİ - BAŞLIK
Başlık Cumhuriyet Halk Partisi yayınları
Bir İşin Parçası / Bölümün İsmi Raporlar
610 ## - KONU KATMA GİRİŞ - TOPLANTI ADI
Giriş Elemanı Olarak Kurumsal Ad Veya Yargı Alanı Adı CHP
Genel Alt Bölüm Dış politika
Kronolojik Alt Bölüm Avrupa Birliği
610 ## - KONU KATMA GİRİŞ - TOPLANTI ADI
Giriş Elemanı Olarak Kurumsal Ad Veya Yargı Alanı Adı CHP
Genel Alt Bölüm AB politikaları
610 ## - KONU KATMA GİRİŞ - TOPLANTI ADI
Giriş Elemanı Olarak Kurumsal Ad Veya Yargı Alanı Adı CHP
Genel Alt Bölüm AB üyelik süreci
Kronolojik Alt Bölüm Raporlar
651 ## - KONU KATMA GİRİŞ - COĞRAFİ ADI
Coğrafi İsim Türkiye
Genel Alt Bölümü Dış ilişkiler
Coğrafi Alt Bölümü Avrupa Birliği
651 ## - KONU KATMA GİRİŞ - COĞRAFİ ADI
Coğrafi İsim Türkiye
Genel Alt Bölümü AB üyelik süreci
Kronolojik Alt Bölümü Raporlar
740 ## - KATMA GİRİŞ - KONTROLSUZ İLGİLİ / ANALİTİK BAŞLIK
Kontrol Edilmeyen / İlgili Analitik Başlıktaki CHP Avrupa Birliği raporları
830 ## - SERİSİ EKLENDİ GİRİŞ - ÜNİFORM ADI
Üniforma Başlık CHP raporları
942 ## - EKLENDİ GİRİŞ ELEMANLARI (KOHA)
Sınıflandırma Veya Raf Düzeni Kaynak Dewey Decimal Classification
Koha Öğesi Türü Books
999 ## - SİSTEM KONTROL NUMARALARI (KOHA)
Koha Biblionumber 5194
Koha Biblioitemnumber 5194
Holdings
Kalıcı Konum Mevcut Konum Edinme Tarihi Edinim Kaynak Toplam Check-Out'Lar Tam Çağrı Numarası Barkod Tarih Son Görülme İtibaren Geçerli Fiyatlar Koha Öğesi Türü
CHP Kütüphanesi CHP Kütüphanesi 02/26/2017 Bağış   CHP 337.142 C36a [t.y.] 016688 02/26/2017 02/26/2017 Books